Inside performance (Record no. 70972)
[ view plain ]
| 000 -LEADER | |
|---|---|
| fixed length control field | 01180cam a2200229 4500 |
| 001 - CONTROL NUMBER | |
| control field | ABS65834 |
| 008 - FIXED-LENGTH DATA ELEMENTS--GENERAL INFORMATION | |
| fixed length control field | 020816n2002 000 0 eng u |
| 035 ## - SYSTEM CONTROL NUMBER | |
| System control number | (Sirsi) u119364 |
| 100 ## - MAIN ENTRY--PERSONAL NAME | |
| Personal name | Martin, D |
| 245 ## - TITLE STATEMENT | |
| Title | Inside performance |
| 260 ## - PUBLICATION, DISTRIBUTION, ETC. | |
| Date of publication, distribution, etc. | 2002 |
| 490 ## - SERIES STATEMENT | |
| Series statement | Inside Housing |
| Volume/sequential designation | 26 July 2002, 25-35(8) |
| 520 ## - SUMMARY, ETC. | |
| Summary, etc. | A series of articles looks at the performance of local authority housing departments. "Rateable values" reveals a north-south divide with northern authorities more likely to get the lowest rating than the south; Wales is even worse. "The right inspection" looks at how comprehensive performance assessment could expand on and develops best value. "Second sight" reports on the first privatised housing inspection. "Take your partners" considers the plans to consolidate housing inspection duties and in "Getting the best" one registered social landlord is advising the Housing Corporation how to achieve best value in housing inspections. |
| 590 ## - LOCAL NOTE (RLIN) | |
| Local note | ABS |
| 650 ## - SUBJECT ADDED ENTRY--TOPICAL TERM | |
| Topical term or geographic name entry element | INSPECTIONS |
| 650 ## - SUBJECT ADDED ENTRY--TOPICAL TERM | |
| Topical term or geographic name entry element | BEST VALUE |
| 650 ## - SUBJECT ADDED ENTRY--TOPICAL TERM | |
| Topical term or geographic name entry element | HOUSING INSPECTORATE |
| 650 ## - SUBJECT ADDED ENTRY--TOPICAL TERM | |
| Topical term or geographic name entry element | PERFORMANCE STANDARDS |
| 650 ## - SUBJECT ADDED ENTRY--TOPICAL TERM | |
| Topical term or geographic name entry element | LOCAL AUTHORITIES |
| 690 ## - LOCAL SUBJECT ADDED ENTRY--TOPICAL TERM (OCLC, RLIN) | |
| Topical term or geographic name as entry element | HOUSING |
| 942 ## - ADDED ENTRY ELEMENTS (KOHA) | |
| Suppress in OPAC | 0 |
| Withdrawn status | Lost status | Source of classification or shelving scheme | Damaged status | Not for loan | Home library | Current library | Shelving location | Date acquired | Total Checkouts | Full call number | Barcode | Date last seen | Copy number | Price effective from | Koha item type |
|---|---|---|---|---|---|---|---|---|---|---|---|---|---|---|---|
| Dewey Decimal Classification | London | London | Journal article | 16/08/2002 | ABS65834 | 119364-1001 | 06/08/2019 | 1 | 06/08/2019 | Journal article |